000 00611nam a22002537a 4500
003 UA-OsUOA
001 27158
007 ta
008 20040617b un ||||| |||| 00| 0 ukr d
100 _aЛевешко Роман
090 _a659.113.7
_bЛ34
942 _cBK
040 _aUA-OsUOA
_brus
_cUA-OsUOA
_dUA-OsUOA
245 _aАнализ эффективности рекламы
300 _a112 с.
955 _a0
041 _arus
080 _a659.113.7
020 _a966-542-093-3
260 _aКиев
_bАльтерпрес
_c2001
044 _aRU
650 7 _2UDC
999 _c313500
_d313500